[Event "Nonthaburi SEA Games Qual"]
[Site "Nonthaburi"]
[Date "2021.03.05"]
[Round "3.10"]
[White "Mongkolpradit, Harris"]
[Black "Samatthanan, Theerath"]
[Result "1-0"]
[WhiteElo "1533"]
[BlackElo "1448"]
[PlyCount "109"]
[EventDate "2021.03.04"]
[EventType "swiss"]
[EventRounds "9"]
[EventCountry "THA"]
[SourceTitle "EXT 2022"]
[Source "ChessBase"]
[SourceDate "2021.10.06"]
[SourceVersion "1"]
[SourceVersionDate "2021.10.06"]
[SourceQuality "1"]

1. e4 c5 2. Nf3 d6 3. d4 cxd4 4. Nxd4 Nf6 5. Nc3 a6 6. Be3 e5 7. Nb3 Be7 8. f3 Nbd7 9. Qd2 Qc7 10. 0-0-0 b5 11. g4 Bb7 12. g5 b4 13. Nd5 Nxd5 14. exd5 a5 15. Bb5 Rc8 16. Nc5 dxc5 17. d6 Bxd6 18. Qxd6 Qxd6 19. Rxd6 Rc7 20. Rhd1 Bc8 21. Bxc5 Rxc5 22. Bxd7+ Ke7 23. Bc6 Bf5 24. Be4 Bxe4 25. fxe4 Rhc8 26. Rd7+ Ke8 27. R1d2 Rc4 28. Ra7 Rd8 29. Rxd8+ Kxd8 30. Rxf7 Rxe4 31. Rxg7 Rh4 32. b3 Rxh2 33. Ra7 Rg2 34. Rxa5 Rxg5 35. Rb5 Rg4 36. Rxe5 Rh4 37. Kb2 h5 38. a3 bxa3+ 39. Kxa3 Rh2 40. c4 h4 41. Kb4 Kc7 42. Kb5 h3 43. Rh5 Rh1 44. b4 h2 45. c5 Kb7 46. Rh7+ Kc8 47. Kc6 Kd8 48. b5 Ke8 49. b6 Kf8 50. b7 Kg8 51. Rc7 Rf1 52. Rc8+ Kg7 53. Rg8+ Kxg8 54. b8Q+ Rf8 55. Qxh2 1-0